000 01098nam a2200229Ia 4500
001 9385
003 GE_BSU
008 181216s||||||||xx |||||||||||||| ||und||
040 _cGE_BSU
080 _a76(479.22)(084.1)+398.2(479.22)+821.353.1-91
100 _aმალაზონია,ნოდარ
245 _aწარსულის სურათები
245 _bგრაფიკული ნამუშევრების ალბომი ზეპირსიტყვიერების ნიმუშებით
245 _cმ. ლებანიძის წინასიტყვაობით.რედ. ჯიშკარიანი ოთარ
260 _aთბილისი
260 _bმერანი
260 _c1971
300 _a12გვ.ილ.პორტრ.21სმ.
653 _aგრაფიკული ნამუშევრების ალბომი ზეპირსიტყვიერების ნიმუშებით
653 _aწარსულის სურათები
942 _cBK
999 _c42681
_d42681